000 00869nam a2200253 i 4500
001 18707
003 ES-MaACL
005 20230906151914.0
007 t|
008 020204s2001 sp a |||| | spa j
020 _a84-95486-30-X
080 _a316.77(460)(091)(064.3)
080 _a070(460)(091)
245 0 0 _aPeriodismo y periodistas
_b: de las gazetas a la red : [exposición].
260 _aMadrid :
_bSociedad Estatal España Nuevo Milenio,
_c2001.
300 _a397 p. :
_bprincipalmente il. ;
_c28 cm.
650 4 _aMedios de comunicación social-
_zEspaña-
_vHistoria-
_vExposiciones.
_914973
650 1 4 _aPrensa-
_zEspaña-
_vHistoria.
_916358
655 7 _2tgfbne
_9193628
_aCatálogos de exposiciones
710 2 _aSociedad Estatal España Nuevo Milenio.
_96758
852 _aES-MaACL
_jL-25282
942 _2udc
999 _c18707
_d18707